000 00497nam a2200193 a 4500
001 1767946523349
003 YourLibrary
005 20260110115631.0
008 260109s2008##################000#0#eng##
020 _a9780202362915
082 0 4 _a302
_bARG
100 1 _aArgyle, Michael,
_eauthor.
245 1 0 _aSocial Encounters :
260 _bTransaction Publishers,
_c2008.
300 _a416 pages
650 0 _aSocial Science.
942 _cENGLISH
040 _aYourLibrary
_beng
_cYourLibrary
999 _c608013
_d608013